KOHA-Header-6

Optimization of Sustainable Enzymes Production (Record no. 13798)

000 -LEADER
fixed length control field 00311nam a22001217a 4500
020 ## - INTERNATIONAL STANDARD BOOK NUMBER
ISBN 9781032273433
082 ## - DEWEY DECIMAL CLASSIFICATION NUMBER
Classification number 628
100 ## - MAIN ENTRY--AUTHOR NAME
Personal name J Satya Eswari and Nisha Suryawanshi
245 ## - TITLE STATEMENT
Title Optimization of Sustainable Enzymes Production
260 ## - PUBLICATION, DISTRIBUTION, ETC. (IMPRINT)
Place of publication London
Name of publisher CRC Press
Year of publication 2023
300 ## - PHYSICAL DESCRIPTION
Number of Pages xii, 220 pages
942 ## - ADDED ENTRY ELEMENTS (KOHA)
Koha item type Books
Holdings
Withdrawn status Lost status Collection code Permanent Location Current Location Shelving location Date acquired Full call number Accession Number Koha item type
    Computer Networking MAJU MAJU Shelf No.A33 2023-10-12 628 10898 Books

Powered by Koha